Ako správne hodnotiť výkonnosť outsourcingu
Hodnotenie výkonnosti outsourcingu. Jeho podcenenie môže mať nepriaznivé ekonomické následky pre firmy. Dôsledná analýza procesov vyčlenených na outsourcovanie. Baseline - pevné základy kvalitného outsourcingového vzťahu. Ukazovatele. Meranie kvality. Vyhodnocovanie a reportovanie.
Salvato in:
| Autore principale: | |
|---|---|
| Natura: | Capitolo di libro |
| Lingua: | slovacco |
| Soggetti: | |
| Tags: |
Nessun Tag, puoi essere il primo ad aggiungerne!!
|
MARC
| LEADER | 00000naa$a2200000$$$4500 | ||
|---|---|---|---|
| 001 | 0093326 | ||
| 005 | 20240502072035.7 | ||
| 041 | 0 | |a slo | |
| 044 | |a SK | ||
| 245 | 1 | 0 | |a Ako správne hodnotiť výkonnosť outsourcingu |c Miroslava Milecová |
| 520 | |a Hodnotenie výkonnosti outsourcingu. Jeho podcenenie môže mať nepriaznivé ekonomické následky pre firmy. Dôsledná analýza procesov vyčlenených na outsourcovanie. Baseline - pevné základy kvalitného outsourcingového vzťahu. Ukazovatele. Meranie kvality. Vyhodnocovanie a reportovanie. | ||
| 610 | 2 | 0 | |a outsourcing |
| 610 | 2 | 0 | |a výkonnosť |
| 610 | 2 | 0 | |a firmy |
| 610 | 2 | 0 | |a ukazovatele |
| 610 | 2 | 0 | |a meranie |
| 100 | 1 | |a Milecová, Miroslava | |